000 00483nam a22001697a 4500
005 20251108165354.0
008 250721s2001 xx 000 0 ara d
082 1 4 _a417.9/وحش
100 1 _aالوحش، إبراهيم محمد
245 1 0 _aلسان الضاد /
264 1 _aعمان :
_bدار إشراق للنشر والتوزيع،
_c2001.
300 _a142ص.
650 1 7 _aاللغة العربية
650 1 7 _aاللهجات
942 _2ddc
_cBK
999 _c26345
_d26345